Statistics for Least Guessed US States On Jetpunk

Click here to take the quiz!

General Stats

  • This quiz has been taken 55 times
  • The average score is 13 of 15

Answer Stats

% State % Correct
66Wyoming
96%
66Iowa
96%
66New Hampshire
94%
66Vermont
92%
69Oklahoma
91%
64Delaware
89%
65Wisconsin
85%
61Connecticut
81%
62Missouri
81%
65Nebraska
81%
66Indiana
81%
60Massachusetts
77%
64Minnesota
77%
68Pennsylvania
77%
64Maryland
74%

Score Distribution

Percentile by Number Answered

Percent of People with Each Score

Your Score History

You have not taken this quiz